000 00251nam a22001097a 4500
041 _aENG
100 _aSehrawah
245 _aCnc Machines Computer Namenicl Conhol
260 _aPune
_bDhanpat Rai & CO
_c1999
650 _aComputer
856 _uComputer
999 _c521
_d521